| 000 | 02383nam0a2200409 4500 | ||
|---|---|---|---|
| 001 | RU\NLR\BIBL_A\011412397 | ||
| 005 | 20260407160118.0 | ||
| 010 |
_a9785985180534 _95000 |
||
| 021 |
_aRU _b2017-41226 _92997 |
||
| 035 | _a(RuMoRGB)008906857 | ||
| 035 | _a(NLR Aleph) 011412397 | ||
| 090 |
_a11564539 _c11564539 |
||
| 100 | _a20170621d2014 m y0rusy50 ca | ||
| 101 | 0 |
_arus _deng |
|
| 102 | _aRU | ||
| 105 | _aabchz 000zy | ||
| 200 | 1 |
_aАтомное сердце России _f[Новосёлов Владимир Николаевич, Носач Юрий Федорович, Ентяков Борис Николаевич] _gГосударственная корпорация по атомной энергии "РОСАТОМ", Федеральное государственное унитарное предприятие "Производственное объединение "Маяк" |
|
| 210 |
_aОзерск _aЧелябинск _cАвтоГраф _d2014 |
||
| 215 |
_a523, [4] с. _cил., цв. ил., факс., портр., карт. _d30 |
||
| 300 | _aАвт. указаны перед вып. дан. | ||
| 300 | _aВ конце кн. авт.: Новоселов В. Н., д.ист.н., проф., акад. Акад. воен.-ист. наук, Носач Ю. Ф., к.т.н., Ентяков Б. Н., инж. | ||
| 300 | _aРез. на англ. яз. | ||
| 320 | _aБиблиогр.: с. 509-515 | ||
| 601 | 0 | 2 |
_a"Маяк", производственное объединение _cОзёрск, город; Челябинская область _92503428 _3RU\NLR\AUTH\661484604 |
| 606 | 1 |
_aПлутоний _xПроизводство _xИстория _92331692 _3RU\NLR\AUTH\6601618448 |
|
| 606 | 1 |
_aУран _xИзотопы _xПроизводство _xИстория _92264786 _3RU\NLR\AUTH\6601587288 |
|
| 686 | 1 | _aЦ901-8л9г(2) | |
| 686 | 1 | _aЛ362.1г(2) | |
| 700 | 1 |
_aНовосёлов _bВ. Н. _f1949-2013 _gВладимир Николаевич |
|
| 701 | 1 |
_aНосач _bЮ. Ф. _f1937- _gЮрий Федорович |
|
| 701 | 1 |
_aЕнтяков _bБ. Н. _f1939- _gБорис Николаевич |
|
| 712 | 0 | 2 |
_4570 _a"Маяк", производственное объединение _cОзёрск _3RU\NLR\AUTH\8810097653 _9696370 |
| 942 | _cBOOK | ||
| 980 | _aNBR | ||